Trần Tế Xương
保存先:
| フォーマット: | Sách giấy |
|---|---|
| 言語: | Vietnamese |
| 出版事項: |
Tp.Hồ Chí Minh :
Văn nghệ,
1997
|
| シリーズ: | Tủ sách văn học trong nhà trường
|
| 主題: | |
| タグ: |
タグ追加
タグなし, このレコードへの初めてのタグを付けませんか!
|
| Thư viện lưu trữ: | Thư viện Trường Đại học Đà Lạt |
|---|
| LEADER | 00830nam a2200325 4500 | ||
|---|---|---|---|
| 001 | DLU040029238 | ||
| 005 | ##20040923 | ||
| 040 | # | # | |a DLU |b vie |
| 041 | # | # | |a vie |
| 044 | # | # | |a vn |
| 082 | # | # | |a 895.922 1 |b Tus |
| 245 | # | # | |a Trần Tế Xương |
| 260 | # | # | |a Tp.Hồ Chí Minh : |b Văn nghệ, |c 1997 |
| 300 | # | # | |a 203 tr. ; |c 19 cm |
| 490 | # | # | |a Tủ sách văn học trong nhà trường |
| 504 | # | # | |a Tài liệu tham khảo chính :tr.203 |
| 653 | # | # | |a Nhà thơ Việt Nam |
| 653 | # | # | |a Phê bình văn học |
| 653 | # | # | |a Tài liệu học tập |
| 653 | # | # | |a Trần Tế Xương, 1870-1907 |
| 923 | # | # | |a 23/2004 |
| 992 | # | # | |a 13.000 |
| 994 | # | # | |a DLU |
| 900 | # | # | |a True |
| 911 | # | # | |a Đào Thị Thu Huyền |
| 925 | # | # | |a G |
| 926 | # | # | |a A |
| 927 | # | # | |a SH |
| 980 | # | # | |a Thư viện Trường Đại học Đà Lạt |